Linie tramwajowe w Krakowie - Statystyki

Ogólne statystyki
  • Ten quiz został rozwiązany 1 312 razy
    231 od ostatniego zresetowania
  • Średni wynik to 38 z 50
Statystyki odpowiedzi
X Nazwa przystanku końcowego Numer linii tramwajowej % Poprawnych
1. Bronowice 13
93%
1. Bronowice 14
93%
1. Salwator 1
90%
2. Salwator 2
90%
1. Bronowice Małe 4
89%
1. Bronowice Małe 8
89%
2. Bronowice Małe 24
89%
2. Bronowice Małe 64
89%
1. Czerwone Maki P+R 11
87%
2. Czerwone Maki P+R 17
87%
2. Czerwone Maki P+R 18
87%
1. Czerwone Maki P+R 52
87%
2. Czerwone Maki P+R 62
87%
2. Nowy Bieżanów P+R 3
86%
2. Nowy Bieżanów P+R 9
86%
2. Nowy Bieżanów P+R 13
86%
2. Nowy Bieżanów P+R 69
86%
2. Borek Fałęcki 8
85%
1. Borek Fałęcki 19
85%
1. Borek Fałęcki 22
85%
1. Borek Fałęcki 50
85%
1. Kurdwanów P+R 10
85%
1. Kurdwanów P+R 24
85%
1. Krowodrza Górka P+R 3
83%
1. Krowodrza Górka P+R 5
83%
1. Mały Płaszów P+R 6
83%
2. Mały Płaszów P+R 11
83%
1. Mały Płaszów P+R 20
83%
2. Cichy Kącik 6
76%
2. Cichy Kącik 20
76%
2. Os. Piastów 21
76%
2. Os. Piastów 52
76%
1. Os. Piastów 64
76%
2. Pleszów 10
73%
1. Pleszów 21
73%
1. Cmentarz Rakowicki 2
70%
1. Dworzec Towarowy 17
68%
2. Dworzec Towarowy 19
67%
2. Zajezdnia Nowa Huta 22
66%
1. Górka Narodowa P+R 18
60%
2. Górka Narodowa P+R 50
60%
1. Górka Narodowa P+R 69
60%
1. Górka Narodowa P+R 75
60%
1. Rondo Hipokratesa 9
58%
2. Rondo Hipokratesa 75
58%
2. Jarzębiny 1
56%
2. Jarzębiny 5
56%
2. Miśnieńska 14
54%
2. Elektromontaż 4
52%
1. Plac Centralny im. R. Reagana 62
39%
Nie znaleziono quizów pasujących do podanych kryteriów
Rozkład punktacji
Procent ludzi z każdym wynikiem
Percentyl według liczby udzielonych odpowiedzi
Twoja historia wyników
Nie rozwiązałeś tego quizu od ostatniego zresetowania